000 00377nam a2200169Ia 4500
008 220531s9999 xx 000 0 und d
041 _aeng
082 _bCOL
100 _aColes Editorial Board
_947815
245 _aTom Jones
260 _bRama
_c2002
300 _a109
542 _d22-04-2002
650 _aEnglish
_947816
906 _d2002-2003
999 _c28029
_d28029